Famous cycling champions - Statistics

General Stats
  • This quiz has been taken 39 times
    35 since last reset
  • The average score is 15 of 25
Answer Stats
Hints Nationality Answer % Correct
During his career won 19 monument classics and 65 grand tours stages. BEL Eddy Merckx
90%
4 Grand Tours (3 Vueltas, 1 Giro d'Italia); but also a monument classic: the 2020 Liegi. SVN Primož Roglič
90%
"El pistolero" is one of the only two cyclists ever able to win at least twice all three the grand tours. ESP Alberto Contador
87%
Called "il campionissimo", won 5 Giro d'Italia, 2 Tour de France and the 1953 world title ITA Fausto Coppi
87%
Called "the badger", won 5 Tour de France, 3 Giro d'Italia and 2 Vuelta: only one cyclist won more grand tours than him. FRA Bernard Hinault
84%
With the title of world champion, one Sanremo and 54 grand tours stages, "Cannonball" is definitively one of the greates sprinter ever. GBR Mark Cavendish
84%
Three times in a row world champions. Several times green jersey at the Tour the France. Flanders. Roubaix. One of the greatest cyclists of all time - and what a personality! SVK Peter Sagan
81%
One of the only seven cyclists able to win all three the grand tours, he also won the Milano-Sanremo and two Giro di Lombardia. At the 2016 Olympics he felt while heading the race. ITA Vincenzo Nibali
81%
He won also four Tour de France and one Vuelta, but maybe the highlight of his career is the astonishing win of the 2018 Giro d'Italia with the senseless action on the Colle delle Finestre. GBR Chris Froome
74%
Phenomenal in time trials, he won both world and olympic gold in that speciality. And seven (!) grand tours - but not the one in his country, la Vuelta. ESP Miguel Indurain
74%
The only Australian cyclist to win the road race at the world championships, he also won the 2011 Tour the France. AUS Cadel Evans
65%
Could be enough the year: 1987. IRL Stephen Roche
65%
Two times winner of the UCI World Tour, in his palmares there are two Giro di Lombardia and the 2012 La Flèche Wallonne ESP Joaquim Rodríguez
55%
He won the 1979 Vuelta and the 1980 Tour the France; than in 1985 he became world champion. NLD Joop Zoetemelk
55%
The "angel of the mountain" won a Tour de France and two Giro d'Italia; in the 1956 edition of the "corsa rosa" he won a famous stage with a terrible weather on Bondone mount, near Trento, despite being semi-frozer at the arrival. LUX Charly Gaul
52%
Again, 4 Grand Tours (3 Vueltas, 1 Giro d'Italia) and a monument classic: in this case the Giro di Lombardia. But two times: 1989 and 1992. CHE Tony Rominger
52%
Called "the eagle of Toledo", won the 1959 Tour de France and eleven grand tours stages. ESP Federico Bahamontes
45%
8 Grand Tours, the 1966 Liegi and several other wins, such as Paris-Nice, Tour of Basque Country, Gand-Wevelgem. One of the greatest cyclists of all time. FRA Jacques Anquetil
42%
Three Tour de France and four different monument classics: what a palmarès for one of the greatest cyclists of the post WWII years. FRA Louison Bobet
42%
In his rich palmares there are 4 Paris-Roubaix, 3 Milano-Sanremo, 2 Giro di Lombardia and 22 stages at Giro d'Italia: it seems he loved racing in Italy. BEL Roger De Vlaeminck
42%
Only a champion could win all three the Grand Tours in the years when "the cannibal" ruled. ITA Felice Gimondi
35%
One of the only three riders able to won all the monument classics and the only one who also won the Paris-Tours (two times: 1959 and 1967) BEL Rik Van Looy
32%
5 monument classics, 25 grand tour stages, 3 times world champions (last one in 1957). BEL Rik Van Steenbergen
32%
Maybe Germany (West Germany, in this case) is not a country full of cycling champions; but this guy won a Vuelta, one Sanremo, one Flanders and became world champion in 1966. FRG Rudi Altig
23%
After his 1929 total domine, the Giro d'Italia organization paid him to not partecipate in the next edition. He was called "the lord of the mountains". ITA Alfredo Binda
19%
No matching quizzes found
Score Distribution
Percent of People with Each Score
Percentile by Number Answered
Your Score History
You have not taken this quiz since the last reset